| 000 | 00579nam a2200217 i 4500 | ||
|---|---|---|---|
| 001 | 1322102 | ||
| 005 | 20180313103604.0 | ||
| 008 | 790424s1979 txua b 001 0 eng | ||
| 010 | _a 78070014 | ||
| 020 | _a0256022089 | ||
| 040 |
_aDLC _cDLC _dDLC |
||
| 041 | _aeng | ||
| 080 | _a332.024 HOL | ||
| 082 | 0 | 0 | _a332.024 HOL |
| 100 | 1 | _a56 | |
| 101 | _aFIN | ||
| 245 | 1 | 0 |
_aManaging personal finance / _cHolley H. Ulbrich, T. Bruce Yandle, Jr. |
| 504 | _aIncludes bibliographies and index. | ||
| 906 |
_a7 _bcbc _corignew _d2 _eopcn _f19 _gy-gencatlg |
||
| 942 |
_2ddc _cBK |
||
| 999 |
_c44936 _d44936 |
||